000 00858nam a2200289Ia 4500
003 GCL
008 140319s9999 xx 000 0 ara d
040 _aGCL /
_cGCL
082 0 4 _a350
_bك ا
100 1 _aمحمد الجماحمى
245 1 0 _aالادارة الرياضية الاسس والتطبيقات /
_cمحمد الجماحمى
700 1 _aسهير المهندس
260 _a[S.N] :
_bلجنة الاعلام والدراسات المستقبلية ،
_c1993
300 _a384 ص
490 _a
650 0 4 _aالادارة
650 0 4 _aالتخطيط
650 0 4 _aالتنظيم
650 0 4 _aالقيادة
650 0 4 _aالرقابة
650 0 4 _aالتنظيف
650 0 4 _aالاسس
650 0 4 _aالتنسيق
650 0 4 _aالتربية الرياضية
650 0 4 _aتطبيقات
942 _2ddc
_cBK
999 _c30652
_d30652